| 000 | 01233cam a22003013a 4500 | ||
|---|---|---|---|
| 001 | 15610 | ||
| 003 | PGUSA | ||
| 005 | 20140828083332.0 | ||
| 008 | 050412s2005||||xxu|||||s|||||000 | eng d | ||
| 040 |
_aPGUSA _beng |
||
| 042 | _adc | ||
| 050 | 4 | _aPQ | |
| 245 | 1 | 0 |
_aFirst Love (Little Blue Book #1195) : _bAnd Other Fascinating Stories of Spanish Life _h[electronic resource] |
| 260 |
_bProject Gutenberg, _c2005 |
||
| 505 | 0 | _aFirst Love, by Pardo-Bazan. -- An Andalusian Duel, by Serafin Estebanez Calderon. -- Mariquita the Bald, by Hartzenbusch. -- The Love of Clotilde, by Valdés. -- Captain Veneno's Proposal of Marriage, by Alarcón. | |
| 506 | _aPublic domain in the USA. | ||
| 516 | _aElectronic text | ||
| 653 | _aShort stories, Spanish -- Translations into English | ||
| 700 | 1 |
_aHartzenbusch, Juan Eugenio, _d1806-1880 |
|
| 700 | 1 |
_aPardo Bazán, Emilia, condesa de, _d1852-1921 |
|
| 700 | 1 |
_aPalacio Valdés, Armando, _d1853-1938 |
|
| 700 | 1 |
_aAlarcón, Pedro Antonio de, _d1833-1891 |
|
| 700 | 1 |
_aHaldeman-Julius, E. _q(Emanuel), _d1888-1951 |
|
| 700 | 1 |
_aEstébanez Calderón, Serafín, _d1799-1867 |
|
| 830 | 0 |
_aProject Gutenberg _v15610 |
|
| 856 | 4 | 0 | _uhttp://www.gutenberg.org/ebooks/15610 |
| 942 | _cEB | ||
| 999 |
_c244865 _d244865 |
||